| 000 -ლიდერი |
| ფიქსირებული სიგრძის საკონტროლო ველი |
02202nam a2200325Ia 4500 |
| 001 - საკონტროლო ნომერი |
| საკონტროლო ველი |
21865 |
| 003 - საკონტროლო ნომრის იდენტიფიკატორი |
| საკონტროლო ველი |
GE_BSU |
| 005 - ბოლო ოპერაციის თარიღი და დრო |
| საკონტროლო ველი |
20220617160748.0 |
| 008 - ფიქსირებული სიგრძის მონაცემთა ელემენტები - ზოგადი ინფორმაცია |
| ფიქსირებული სიგრძის საკონტროლო ველი |
181216s ||||ge |||||||||||||| ||geo|| |
| 020 ## - წიგნის საერთაშორისო სტანდარტული ნომერი |
| International Standard Book Number |
978184712317(ინგლ. გამოცემის) |
| 040 ## - კატალოგიზაციის წყარო |
| Transcribing agency |
GE_BSU |
| 041 ## - ენის კოდი |
| Language code of text/sound track or separate title |
geo |
| 080 ## - უნივერსალური ათობითი კლასიფიკაციის ინდექსი |
| Universal Decimal Classification number |
657.6(076.1)+338 ბ-95 |
| 245 ## - ცნობა სათაურის შესახებ |
| Title |
ბუღალტერი ბიზნესში წიგნი F1 : საგამოცდო სავარჯიშოების კრებული : |
| Remainder of title |
პროფესიული გამოცდები / |
| Statement of responsibility, etc |
წიგნის თარგმანზე და გამოცემაზე მუშაობდნენ : პროექტის ხელმძღვანელი ლ. ჭუმბურიძე ; პროექტ. კოორდ. კ. დათიაშვილი ; მთარგმნ. ნ. კვარაცხელია ; რედ. მ. გველესიანი. |
| 264 ## - წარმოების, გამოცემის, დისტრიბუციის და სხვა ცნობები |
| გამოცემის, წარმოების, დისტრიბუციის... ადგილი |
თბილისი : |
| გამოცემის, წარმოების, დისტრიბუციის... სახელწოდება |
დანი, |
| გამოცემის, წარმოების, დისტრიბუციის... თარიღი |
2011. |
| 300 ## - ფიზიკური აღწერა |
| Extent |
136 გვ. ; |
| Dimensions |
30 სმ. |
| 490 ## - სერიის ცნობა |
| Series statement |
ACCA ინგლისისა და უელსის ნაფიც სერტიფიცირებულ ბუღალტერთა ასოციაცია |
| 546 ## - LANGUAGE NOTE |
| Language note |
პარალელური სათაური ინგლიური ენაზე |
| 653 ## - INDEX TERM--UNCONTROLLED |
| Uncontrolled term |
ბუღალტერი ბიზნესში |
| 653 ## - INDEX TERM--UNCONTROLLED |
| Uncontrolled term |
წიგნი F1 |
| 653 ## - INDEX TERM--UNCONTROLLED |
| Uncontrolled term |
საგამოცდო სავარჯიშოების კრებული |
| 653 ## - INDEX TERM--UNCONTROLLED |
| Uncontrolled term |
ეკონომიკა |
| 653 ## - INDEX TERM--UNCONTROLLED |
| Uncontrolled term |
პროფესიული გამოცდები |
| 700 ## - ADDED ENTRY--PERSONAL NAME |
| Personal name |
ჭუმბურიძე, ლ. |
| Relator term |
პროექტის ხელმძღვანელი |
| 9 (RLIN) |
14123 |
| 700 ## - ADDED ENTRY--PERSONAL NAME |
| Personal name |
დათიაშვილი, კ. |
| Relator term |
პროექტის კოორდინატორი |
| 9 (RLIN) |
14124 |
| 700 ## - ADDED ENTRY--PERSONAL NAME |
| Personal name |
კვარაცხელია, ნ. |
| Relator term |
მთარგმნელი |
| 9 (RLIN) |
14150 |
| 700 ## - ADDED ENTRY--PERSONAL NAME |
| Personal name |
გველესიანი, მ. |
| Relator term |
რედაქტორი |
| 9 (RLIN) |
14108 |
| 942 ## - ADDED ENTRY ELEMENTS (KOHA) |
| Koha item type |
წიგნი |
| Source of classification or shelving scheme |
|